[Оттиски статей Скобец Е. М.]: [подборка]; Применение броскового тока в полярографии; Применение твердых электродов в полярографии; 1. Полярограммы при высоких плотностях тока. 2. К природе второго потенциала; Определение коэффициентов диффузии при помощи твердых электродов; Полярограммы в отсутствии фона; Применение твердых электродов в полярографии; К вопросу о напряжении разложения кислых, щелочных и нейтральных растворов; Ртутный капельный электрод с принудительным отрывом капли; Применение твердых электродов в полярографии; Полярографическое определение аскорбиновой кислоты на твердом платиновом аноде; Влияние температуры на форму полярограмм; Потенциал разложения системы BeCl₂- NaCl
| Idioma: | rus |
|---|---|
| Publicat: |
Киев, [Б. и.], 1946-1952
|
| TOC: | Е. М. Скобец, Н. С. Кавецкий, Применение броскового тока в полярографии; Е. М. Скобец, С. А. Качерова, Применение твердых электродов в полярографии; Е. М. Скобец, О. К. Кудра, 1. Полярограммы при высоких плотностях тока. 2. К природе второго потенциала; Е. М. Скобец, Н. С. Кавецкий, Определение коэффициентов диффузии при помощи твердых электродов; Е. М. Скобец, О. К. Кудра, Полярограммы в отсутствии фона; Е. М. Скобец, Н. Н. Атаманенко, Применение твердых электродов в полярографии; П. П. Туров, Е. М. Скобец, К вопросу о напряжении разложения кислых, щелочных и нейтральных растворов; Е. М. Скобец, Н. С. Кавецкий, Ртутный капельный электрод с принудительным отрывом капли; Е. М. Скобец, Н. Н. Атаманенко, В. Д. Рябоконь, Применение твердых электродов в полярографии; Е. М. Скобец, Н. Н. Атаманенко, Полярографическое определение аскорбиновой кислоты на твердом платиновом аноде; Е. М. Скобец, П. П. Туров, В. Д. Рябоконь, Влияние температуры на форму полярограмм; Ю. К. Делимарский, Е. М. Скобец, Потенциал разложения системы BeCl₂- NaCl; |
| Matèries: | |
| Format: | MixedMaterials Llibre |
| KOHA link: | https://koha.lib.tpu.ru/cgi-bin/koha/opac-detail.pl?biblionumber=335079 |
MARC
| LEADER | 00000nam0a2200000 4500 | ||
|---|---|---|---|
| 001 | 335079 | ||
| 005 | 20231102004722.0 | ||
| 035 | |a (RuTPU)RU\TPU\book\361406 | ||
| 090 | |a 335079 | ||
| 100 | |a 20170913d19461952k y0rusy50 ca | ||
| 101 | 0 | |a rus | |
| 102 | |a RU |a UA | ||
| 105 | |a a z 001zy | ||
| 200 | 1 | |a [Оттиски статей Скобец Е. М.] |e [подборка] | |
| 210 | |a Киев |a Москва |c [Б. и.] |d 1946-1952 | ||
| 215 | |a 13 бр. |c ил. | ||
| 320 | |a Библиогр. в конце ст. | ||
| 464 | |t Применение броскового тока в полярографии |f Е. М. Скобец, Н. С. Кавецкий | ||
| 464 | |t Применение твердых электродов в полярографии |f Е. М. Скобец, С. А. Качерова | ||
| 464 | |t 1. Полярограммы при высоких плотностях тока. 2. К природе второго потенциала |f Е. М. Скобец, О. К. Кудра | ||
| 464 | |t Определение коэффициентов диффузии при помощи твердых электродов |f Е. М. Скобец, Н. С. Кавецкий | ||
| 464 | |t Полярограммы в отсутствии фона |f Е. М. Скобец, О. К. Кудра | ||
| 464 | |t Применение твердых электродов в полярографии |f Е. М. Скобец, Н. Н. Атаманенко | ||
| 464 | |t К вопросу о напряжении разложения кислых, щелочных и нейтральных растворов |f П. П. Туров, Е. М. Скобец | ||
| 464 | |t Ртутный капельный электрод с принудительным отрывом капли |f Е. М. Скобец, Н. С. Кавецкий | ||
| 464 | |t Применение твердых электродов в полярографии |f Е. М. Скобец, Н. Н. Атаманенко, В. Д. Рябоконь | ||
| 464 | |t Полярографическое определение аскорбиновой кислоты на твердом платиновом аноде |f Е. М. Скобец, Н. Н. Атаманенко | ||
| 464 | |t Влияние температуры на форму полярограмм |f Е. М. Скобец, П. П. Туров, В. Д. Рябоконь | ||
| 464 | |t Потенциал разложения системы BeCl₂- NaCl |f Ю. К. Делимарский, Е. М. Скобец |s Журнал физической химии ; Т. 20, вып. 9, 1946 | ||
| 606 | 1 | |a Полярографический анализ |2 stltpush |3 (RuTPU)RU\TPU\subj\50820 |9 69454 | |
| 610 | 1 | |a исследования | |
| 610 | 1 | |a электроды | |
| 610 | 1 | |a бросковый ток | |
| 610 | 1 | |a установки | |
| 610 | 1 | |a схемы | |
| 610 | 1 | |a уравнения | |
| 610 | 1 | |a аскорбиновая кислота | |
| 610 | 1 | |a библиотека А. Г. Стромберга | |
| 675 | |a 543.552 |v 4 | ||
| 801 | 1 | |a RU |b 63413507 |c 20170913 | |
| 801 | 2 | |a RU |b 63413507 |c 20180904 |g RCR | |
| 942 | |c BK | ||